Cinema's Greatest Villains - Statistics

General Stats
  • This quiz has been taken 1,279 times
    1,269 since last reset
  • The average score is 10 of 22
Answer Stats
Baddie Year of Release Movie % Correct
The Wicked Witch of the West 1939 The Wizard of Oz
85%
Norman Bates 1960 Psycho
84%
Cruella de Vil 1961/1996 One Hundred and One Dalmatians
71%
HAL 9000 1968 2001: A Space Odyssey
69%
Hans Gruber 1988 Die Hard
69%
Leatherface 1974/2003 The Texas Chain Saw Massacre
66%
Nurse Ratched 1975 One Flew Over the Cuckoo's Nest
60%
Gordon Gekko 1987 Wall Street
60%
Syndrome 2004 The Incredibles
54%
Lots-O'-Huggin' Bear 2010 Toy Story 3
45%
John Doe 1995 Seven
39%
Roger 'Verbal' Kint 1995 The Usual Suspects
37%
O-Ren Ishii/Cottonmouth 2003 Kill Bill Vol. 1
35%
Hans Landa 2009 Inglourious Basterds
34%
Tommy DeVito 1990 Goodfellas
33%
Anton Chigurh 2007 No Country for Old Men
32%
Alex Delarge 1971 A Clockwork Orange
29%
Max Cady 1962/1991 Cape Fear
27%
Jean-Baptiste Emanuel Zorg 1997 The Fifth Element
19%
Roy Batty 1982 Blade Runner
18%
Frank Booth 1986 Blue Velvet
14%
Little Bill Daggett 1992 Unforgiven
14%
No matching quizzes found
Score Distribution
Percent of People with Each Score
Percentile by Number Answered
Your Score History
You have not taken this quiz since the last reset